|
|
|
|
| LEADER |
00000cam a2200000 a 4500 |
| 001 |
71031 |
| 003 |
CZ-ZlUTB |
| 005 |
20240829153023.0 |
| 007 |
ta |
| 008 |
131105s2013 xo ab e p 000 0 slo |
| 020 |
|
|
|a 9788080785321
|q (brož.)
|
| 040 |
|
|
|a ABA001
|b cze
|
| 072 |
|
7 |
|a 658
|x Řízení a správa podniku
|2 Konspekt
|9 4
|
| 072 |
|
7 |
|a 37.016
|x Učební osnovy. Vyučovací předměty. Učebnice
|2 Konspekt
|9 22
|
| 080 |
|
|
|a 658.114-027.543
|2 MRF
|
| 080 |
|
|
|a 339.727.22
|2 MRF
|
| 080 |
|
|
|a 334.726
|2 MRF
|
| 080 |
|
|
|a 334.75
|2 MRF
|
| 080 |
|
|
|a 334.758
|2 MRF
|
| 080 |
|
|
|a 005.412
|2 MRF
|
| 080 |
|
|
|a 658
|2 MRF
|
| 080 |
|
|
|a 005.95/.96
|2 MRF
|
| 080 |
|
|
|a (075.8)
|2 MRF
|
| 100 |
1 |
|
|a Ferenčíková, Soňa,
|d 1960-
|7 mzk2004258672
|4 aut
|
| 245 |
1 |
0 |
|a Medzinárodná expanzia firiem :
|b stratégie, partnerstvá a ľudské zdroje /
|c Soňa Ferenčíková a kolektív
|
| 250 |
|
|
|a 1. vyd.
|
| 260 |
|
|
|a Bratislava :
|b Iura Edition,
|c c2013
|
| 300 |
|
|
|a 362 s. :
|b il., 1 mapa ;
|c 21 cm
|
| 490 |
1 |
|
|a Ekonómia
|
| 504 |
|
|
|a Obsahuje bibliografie a bibliografické odkazy
|
| 650 |
0 |
7 |
|a mezinárodní podnikání
|7 ph802212
|2 czenas
|
| 650 |
0 |
7 |
|a zahraniční přímé investice
|7 ph116732
|2 czenas
|
| 650 |
0 |
7 |
|a nadnárodní společnosti
|7 ph115414
|2 czenas
|
| 650 |
0 |
7 |
|a strategické aliance
|7 ph126129
|2 czenas
|
| 650 |
0 |
7 |
|a fúze podniků
|7 ph134662
|2 czenas
|
| 650 |
0 |
7 |
|a akvizice podniků
|7 ph117940
|2 czenas
|
| 650 |
0 |
7 |
|a podnikový management
|7 ph115763
|x mezinárodní kontext
|2 czenas
|
| 650 |
0 |
7 |
|a personální management
|7 ph115721
|x mezinárodní kontext
|2 czenas
|
| 650 |
0 |
9 |
|a international business
|2 eczenas
|
| 650 |
0 |
9 |
|a foreign direct investments
|2 eczenas
|
| 650 |
0 |
9 |
|a international business enterprises
|2 eczenas
|
| 650 |
0 |
9 |
|a strategic alliances (business)
|2 eczenas
|
| 650 |
0 |
9 |
|a merger of corporations
|2 eczenas
|
| 650 |
0 |
9 |
|a acquisitions of corporations
|2 eczenas
|
| 650 |
0 |
9 |
|a industrial management
|x international context
|2 eczenas
|
| 650 |
0 |
9 |
|a personnel management
|x international context
|2 eczenas
|
| 655 |
|
7 |
|a učebnice vysokých škol
|7 fd133772
|2 czenas
|
| 655 |
|
9 |
|a textbooks (higher)
|2 eczenas
|
| 830 |
|
0 |
|a Ekonómia (Iura Edition)
|
| 910 |
|
|
|a ZLD002
|
| 952 |
|
|
|0 0
|1 0
|4 0
|6 658FERENČÍKOVÁS
|7 0
|8 BOOK
|9 127566
|a UTBZL
|b UTBZL
|c 005
|d 2014-04-16
|l 2
|o 658/FERENČÍKOVÁ,S.
|p 420010152603
|r 2021-03-01 00:00:00
|s 2021-02-19
|v 464.00
|w 2019-08-26
|x N:nákup;
|y 01
|
| 992 |
|
|
|a BK
|b SK
|d 1
|
| 998 |
|
|
|a 005694361
|
| 999 |
|
|
|c 71031
|d 71031
|